000 00213nam a22000857a 4500
008 170228b xxu||||| |||| 00| 0 eng d
100 _92943
_aGupta.N
245 _aFinancial Statments XII
260 _aNew delhi
_bRPB
_c2007
999 _c6185
_d6185